000 00535nam a2200181Ia 4500
003 OSt
005 20250204124129.0
008 210210b1951 xxu||||| |||| 00| 0 eng d
040 _cAL
041 _akan
082 _a859/1141
100 _aBASAVARAJA KATTIMANI
_9146325
_dಬಸವರಾಜ ಕಟ್ಟೀಮನಿ.
245 _aJvalamukhiya mele:
_bಜ್ವಾಲಾಮುಖಿಯ ಮೇಲೆ
260 _aBengaluru
_bSharada Prakatanalaya
_c1951
690 _aKannada Fiction
_9146326
906 _a021886
942 _2ddc
_cBK
999 _c145992
_d145992